[Event "FIDE Steinitz Memorial"]
[Site "chess24.com INT"]
[Date "2020.05.15"]
[Round "4"]
[White "Grischuk, Alexander"]
[Black "Bu, Xiangzhi"]
[Result "1-0"]
[WhiteElo "2777"]
[BlackElo "2705"]
[PlyCount "69"]
[EventDate "2020.05.15"]
[EventType "tourn (blitz)"]
[EventRounds "18"]
[EventCountry "USA"]
[EventCategory "20"]
[SourceTitle "CBM 196 Extra"]
[Source "ChessBase"]
[SourceDate "2020.07.31"]
[SourceVersion "1"]
[SourceVersionDate "2020.07.31"]
[SourceQuality "1"]

1. c4 e5 2. g3 Nf6 3. Bg2 d5 4. cxd5 Nxd5 5. Nf3 Nc6 6. O-O Be7 7. d4 e4 8. Ne5
f5 9. Nxc6 bxc6 10. Nd2 Ba6 11. Nb3 O-O 12. Bd2 Rb8 13. Rc1 Qd7 14. Re1 Qe6 15.
Qc2 Nb4 16. Bxb4 Bxb4 17. Red1 Bd6 18. e3 Bb5 19. Bf1 Kh8 20. d5 Qf6 21. dxc6
Ba4 22. Rd4 Bxb3 23. axb3 Rb6 24. Rcd1 Be5 25. Rc4 Bxb2 26. Rd7 Be5 27. b4 h6
28. Qa4 a6 29. Rc2 Bd6 30. Rc4 Rfb8 31. Qd1 Be5 32. Qd5 Rb5 33. Rc5 Rxc5 34.
Qxc5 Rb6 35. Bc4 1-0

[Event "FIDE Steinitz Memorial"]
[Site "chess24.com INT"]
[Date "2020.05.15"]
[Round "6"]
[White "Grischuk, Alexander"]
[Black "Carlsen, Magnus"]
[Result "1/2-1/2"]
[WhiteElo "2777"]
[BlackElo "2863"]
[PlyCount "124"]
[EventDate "2020.05.15"]
[EventType "tourn (blitz)"]
[EventRounds "18"]
[EventCountry "USA"]
[EventCategory "20"]
[SourceTitle "CBM 196 Extra"]
[Source "ChessBase"]
[SourceDate "2020.07.31"]
[SourceVersion "1"]
[SourceVersionDate "2020.07.31"]
[SourceQuality "1"]

1. d4 Nf6 2. c4 e6 3. Nf3 d5 4. Nc3 Be7 5. Bf4 O-O 6. e3 b6 7. Bd3 dxc4 8. Bxc4
Ba6 9. Qe2 Bxc4 10. Qxc4 c5 11. dxc5 Bxc5 12. O-O Nbd7 13. Rac1 Qc8 14. Ne5 Qb7
15. Nxd7 Nxd7 16. Rfd1 Rfc8 17. Qe4 Qxe4 18. Nxe4 Be7 19. g4 Nf6 20. Nxf6+ Bxf6
21. b3 h6 22. Bc7 Kf8 23. Kg2 Ke8 24. f4 Bb2 25. Rc4 b5 26. Rc6 a6 27. Rd2 Ba3
28. Rdc2 Kd7 29. R6c3 Bb4 30. Rd3+ Ke8 31. Rd1 Ba3 32. Rdd2 Bb4 33. Re2 f6 34.
Kf3 Kd7 35. Bb6 Rxc2 36. Rxc2 Rc8 37. Rxc8 Kxc8 38. f5 Kd7 39. Ke4 Bd6 40. h4
Kc6 41. Bd4 e5 42. Bc3 b4 43. Be1 a5 44. Bg3 Bc5 45. g5 h5 46. g6 Bd6 47. Bf2
Bc5 48. Be1 Bd6 49. Kd3 Bc5 50. Bd2 Kb5 51. Ke4 Kc6 52. Bc1 Bf8 53. Kd3 Kb5 54.
Bb2 Bd6 55. Ke4 Kc6 56. Kd3 Kd5 57. e4+ Kc5 58. Bc1 Kb5 59. Bh6 Bf8 60. Bd2 Bc5
61. Bh6 Bf8 62. Bd2 Bc5 1/2-1/2

[Event "FIDE Steinitz Memorial"]
[Site "chess24.com INT"]
[Date "2020.05.16"]
[Round "7"]
[White "Svidler, Peter"]
[Black "Grischuk, Alexander"]
[Result "1-0"]
[WhiteElo "2723"]
[BlackElo "2777"]
[PlyCount "139"]
[EventDate "2020.05.15"]
[EventType "tourn (blitz)"]
[EventRounds "18"]
[EventCountry "USA"]
[EventCategory "20"]
[SourceTitle "CBM 196 Extra"]
[Source "ChessBase"]
[SourceDate "2020.07.31"]
[SourceVersion "1"]
[SourceVersionDate "2020.07.31"]
[SourceQuality "1"]

1. Nf3 d5 2. g3 Nc6 3. d4 Bg4 4. Bg2 e6 5. O-O Bd6 6. Nbd2 Nf6 7. c4 O-O 8. b3
Nb8 9. h3 Bh5 10. g4 Bg6 11. Nh4 c6 12. Nxg6 hxg6 13. e3 Nbd7 14. g5 Nh5 15.
Qg4 f5 16. gxf6 Qxf6 17. f4 Qf5 18. Nf3 Ndf6 19. Qxf5 gxf5 20. Ng5 Rfe8 21. Kf2
a5 22. a3 c5 23. Bb2 a4 24. dxc5 Bxc5 25. Bxf6 Nxf6 26. b4 Ba7 27. c5 b6 28.
cxb6 Bxb6 29. Rac1 Rac8 30. Ke2 Kf8 31. Nxe6+ Kf7 32. Nc5 d4 33. Kd3 Rxe3+ 34.
Kxd4 Rxa3 35. Kc4 Rg3 36. Bb7 Rc7 37. Ba8 Rxh3 38. Kb5 Bxc5 39. Rxc5 Ra7 40.
Bc6 a3 41. Rxf5 a2 42. Ra1 Rc3 43. Rc5 Rb3 44. Rc2 Rba3 45. Kb6 R7a6+ 46. Kc5
Ke6 47. b5 R6a5 48. Re2+ Kf5 49. Kd6 Rd3+ 50. Kc7 Rc3 51. Kb6 Rca3 52. Kc7 Rc3
53. b6 Rac5 54. Re5+ Rxe5 55. fxe5 Nd5+ 56. Kb7 Nb4 57. Be8 Ra3 58. Kc8 Nc2 59.
Rf1+ Kg5 60. b7 Rc3+ 61. Kd8 Rb3 62. Bc6 a1=Q 63. Rxa1 Nxa1 64. e6 Nc2 65. e7
Rd3+ 66. Kc7 Re3 67. e8=Q Rxe8 68. Bxe8 Nb4 69. Bb5 Nd5+ 70. Kd6 1-0

[Event "FIDE Steinitz Memorial"]
[Site "chess24.com INT"]
[Date "2020.05.16"]
[Round "8"]
[White "Mamedyarov, Shakhriyar"]
[Black "Grischuk, Alexander"]
[Result "0-1"]
[WhiteElo "2764"]
[BlackElo "2777"]
[PlyCount "94"]
[EventDate "2020.05.15"]
[EventType "tourn (blitz)"]
[EventRounds "18"]
[EventCountry "USA"]
[EventCategory "20"]
[SourceTitle "CBM 196 Extra"]
[Source "ChessBase"]
[SourceDate "2020.07.31"]
[SourceVersion "1"]
[SourceVersionDate "2020.07.31"]
[SourceQuality "1"]

1. d4 Nf6 2. c4 g6 3. Nf3 Bg7 4. Nc3 d6 5. g3 O-O 6. Bg2 Nbd7 7. O-O e5 8. Qc2
exd4 9. Nxd4 Nb6 10. Rd1 Nxc4 11. Ncb5 a6 12. Qxc4 axb5 13. Nxb5 Ne8 14. Qc2
Bf5 15. e4 Bg4 16. f3 Bd7 17. Nc3 Nf6 18. Be3 Re8 19. Re1 Bc6 20. Rad1 Nd7 21.
Qd2 Ne5 22. Qc2 b5 23. a3 Qb8 24. f4 Nc4 25. Bc1 b4 26. axb4 Qxb4 27. Kh1 Rab8
28. Re2 Na5 29. Nd5 Bxd5 30. Rxd5 Nb3 31. Be3 Nd4 32. Bxd4 Bxd4 33. e5 dxe5 34.
fxe5 Re7 35. h4 Rbe8 36. Qc6 Bxe5 37. Re4 Qxb2 38. Re3 Bd6 39. Rxe7 Rxe7 40.
Rd3 Qf6 41. Qf3 Re1+ 42. Kh2 Qxh4+ 43. Bh3 Qe7 44. Bg2 Kg7 45. Rb3 Qe5 46. Rb4
Re3 47. Qf4 Qh5+ 0-1

[Event "FIDE Steinitz Memorial"]
[Site "chess24.com INT"]
[Date "2020.05.16"]
[Round "9"]
[White "Grischuk, Alexander"]
[Black "Le, Quang Liem"]
[Result "0-1"]
[WhiteElo "2777"]
[BlackElo "2709"]
[PlyCount "104"]
[EventDate "2020.05.15"]
[EventType "tourn (blitz)"]
[EventRounds "18"]
[EventCountry "USA"]
[EventCategory "20"]
[SourceTitle "CBM 196 Extra"]
[Source "ChessBase"]
[SourceDate "2020.07.31"]
[SourceVersion "1"]
[SourceVersionDate "2020.07.31"]
[SourceQuality "1"]

1. d4 Nf6 2. c4 e6 3. g3 d5 4. Nf3 dxc4 5. Bg2 Nc6 6. Qa4 Bb4+ 7. Bd2 Nd5 8.
Bxb4 Ndxb4 9. Na3 O-O 10. O-O Rb8 11. Qb5 b6 12. Qxc4 Ba6 13. Nb5 Qe8 14. Rfc1
Nd5 15. Qxc6 Qxc6 16. Rxc6 Bxb5 17. Rc2 Rfc8 18. e3 c5 19. dxc5 Nb4 20. Rc3
Rxc5 21. Rxc5 bxc5 22. Bf1 Kf8 23. Bxb5 Rxb5 24. Ne5 Ke7 25. Nc4 Nc6 26. Rc1
Rb7 27. Kf1 e5 28. Ke2 e4 29. a3 Ke6 30. Rc2 f5 31. f3 exf3+ 32. Kxf3 Rd7 33.
Ke2 g5 34. Nd2 Rd5 35. b4 Kd6 36. Nc4+ Kd7 37. b5 Ne5 38. a4 Nxc4 39. Rxc4 Re5
40. Kd3 Kd6 41. e4 f4 42. gxf4 gxf4 43. Rc2 Rh5 44. a5 Rh3+ 45. Kc4 Ra3 46.
Rd2+ Ke5 47. a6 f3 48. Kxc5 Kxe4 49. Rd7 f2 50. Rf7 Rf3 51. Re7+ Kd3 52. Rd7+
Kc2 0-1

[Event "FIDE Steinitz Memorial"]
[Site "chess24.com INT"]
[Date "2020.05.16"]
[Round "10"]
[White "Korobov, Anton"]
[Black "Grischuk, Alexander"]
[Result "1-0"]
[WhiteElo "2688"]
[BlackElo "2777"]
[PlyCount "59"]
[EventDate "2020.05.15"]
[EventType "tourn (blitz)"]
[EventRounds "18"]
[EventCountry "USA"]
[EventCategory "20"]
[SourceTitle "CBM 196 Extra"]
[Source "ChessBase"]
[SourceDate "2020.07.31"]
[SourceVersion "1"]
[SourceVersionDate "2020.07.31"]
[SourceQuality "1"]

1. d4 d5 2. c4 dxc4 3. e4 Nf6 4. e5 Nd5 5. Bxc4 Bf5 6. Ne2 e6 7. O-O Nb6 8. Bb3
Nc6 9. Nbc3 Qd7 10. Be3 O-O-O 11. Qc1 Kb8 12. Rd1 Qe8 13. Na4 Nd5 14. Nc5 Bxc5
15. Qxc5 Nce7 16. Rac1 h5 17. Nc3 c6 18. Bg5 Rd7 19. Na4 f6 20. exf6 gxf6 21.
Bxf6 Rg8 22. Be5+ Ka8 23. Qa3 h4 24. Rc5 Qd8 25. Re1 b5 26. Bxd5 Nxd5 27. Rxd5
Rxd5 28. Nc5 Rxd4 29. Qa6 Qb6 30. Bxd4 1-0

[Event "FIDE Steinitz Memorial"]
[Site "chess24.com INT"]
[Date "2020.05.16"]
[Round "11"]
[White "Grischuk, Alexander"]
[Black "Anton Guijarro, David"]
[Result "0-1"]
[WhiteElo "2777"]
[BlackElo "2703"]
[PlyCount "154"]
[EventDate "2020.05.15"]
[EventType "tourn (blitz)"]
[EventRounds "18"]
[EventCountry "USA"]
[EventCategory "20"]
[SourceTitle "CBM 196 Extra"]
[Source "ChessBase"]
[SourceDate "2020.07.31"]
[SourceVersion "1"]
[SourceVersionDate "2020.07.31"]
[SourceQuality "1"]

1. d4 d5 2. c4 dxc4 3. e3 Nf6 4. Bxc4 e6 5. Nf3 a6 6. O-O c5 7. dxc5 Bxc5 8.
Qxd8+ Kxd8 9. Ne5 Ke7 10. Be2 Rd8 11. Nd2 Bd7 12. Nb3 Bd6 13. Nxd7 Rxd7 14. Rd1
Nc6 15. Bd2 Rad8 16. Be1 Bb4 17. Rxd7+ Rxd7 18. a3 Bxe1 19. Rxe1 Rc7 20. Rc1
Kd8 21. Kf1 Ne5 22. Rxc7 Kxc7 23. Ke1 Kd6 24. h3 Ned7 25. Na5 Kc7 26. b4 Ne4
27. Bd3 Nd6 28. Kd2 h6 29. Kc3 e5 30. f4 exf4 31. exf4 Nb8 32. Kd4 b6 33. Nb3
Nc6+ 34. Ke3 a5 35. bxa5 bxa5 36. Nc5 Ne7 37. Kd4 Nc6+ 38. Kc3 Kb6 39. Na4+ Kc7
40. Nc5 Kb6 41. Nd7+ Kc7 42. Ne5 Ne7 43. Kd4 f6 44. Nf3 Kc6 45. Bc2 Nb5+ 46.
Kd3 Nxa3 47. Nd4+ Kd6 48. Bb3 g6 49. g4 Kc5 50. h4 Nb5 51. Ne6+ Kb4 52. Bd1 a4
53. Bxa4 Kxa4 54. Ke4 Kb4 55. Nf8 Nd6+ 56. Kd4 Kb5 57. Nd7 Ne8 58. g5 fxg5 59.
hxg5 h5 60. Nf6 Ng7 61. Ke4 Kc5 62. Kf3 Kd6 63. Ne4+ Ke6 64. Nc5+ Kd5 65. Nb7
Ngf5 66. Nd8 Nd6 67. Ke3 Nef5+ 68. Kf3 Kd4 69. Ne6+ Kd3 70. Nf8 Ne7 71. Ne6
Ndf5 72. Nc5+ Kc4 73. Ne6 Kd5 74. Nf8 Kd4 75. Ne6+ Kc4 76. Nf8 Kd3 77. Ne6 Nd4+
0-1

[Event "FIDE Steinitz Memorial"]
[Site "chess24.com INT"]
[Date "2020.05.16"]
[Round "12"]
[White "Xiong, Jeffery"]
[Black "Grischuk, Alexander"]
[Result "1/2-1/2"]
[WhiteElo "2709"]
[BlackElo "2777"]
[PlyCount "49"]
[EventDate "2020.05.15"]
[EventType "tourn (blitz)"]
[EventRounds "18"]
[EventCountry "USA"]
[EventCategory "20"]
[SourceTitle "CBM 196 Extra"]
[Source "ChessBase"]
[SourceDate "2020.07.31"]
[SourceVersion "1"]
[SourceVersionDate "2020.07.31"]
[SourceQuality "1"]

1. e4 c5 2. Nf3 d6 3. Bb5+ Bd7 4. Bxd7+ Nxd7 5. O-O Ngf6 6. Qe2 e6 7. d4 cxd4
8. Nxd4 a6 9. c4 Rc8 10. b3 g6 11. Bb2 Bg7 12. Nc3 O-O 13. Rad1 Qb6 14. Rd2
Rfe8 15. Nf3 Bh6 16. Rd4 Bg7 17. Rfd1 Rc6 18. R4d2 Bh6 19. Rd3 Bg7 20. h3 Rec8
21. R3d2 Bh6 22. Rd4 Bg7 23. R4d2 Bh6 24. Rd4 Bg7 25. R4d2 1/2-1/2

[Event "FIDE Steinitz Memorial"]
[Site "chess24.com INT"]
[Date "2020.05.17"]
[Round "15"]
[White "Carlsen, Magnus"]
[Black "Grischuk, Alexander"]
[Result "1-0"]
[WhiteElo "2863"]
[BlackElo "2777"]
[PlyCount "93"]
[EventDate "2020.05.15"]
[EventType "tourn (blitz)"]
[EventRounds "18"]
[EventCountry "USA"]
[EventCategory "20"]
[SourceTitle "CBM 196 Extra"]
[Source "ChessBase"]
[SourceDate "2020.07.31"]
[SourceVersion "1"]
[SourceVersionDate "2020.07.31"]
[SourceQuality "1"]

1. e4 c5 2. Nf3 d6 3. Bb5+ Nd7 4. c3 Ngf6 5. Qe2 a6 6. Ba4 b5 7. Bc2 Bb7 8. O-O
g6 9. d4 Bg7 10. b3 O-O 11. Bb2 e5 12. d5 Nh5 13. g3 Nb6 14. a4 f5 15. c4 bxc4
16. bxc4 f4 17. a5 Nd7 18. g4 Nhf6 19. g5 Nh5 20. Kh1 Rf7 21. Nbd2 h6 22. Rg1
Nf8 23. gxh6 Bxh6 24. Nxe5 f3 25. Nxf7 fxe2 26. Nxd8 Rxd8 27. Nf3 Bc8 28. Rae1
Nf4 29. Bc1 Kf7 30. Ng5+ Bxg5 31. Rxg5 Nh3 32. Rg3 Nxf2+ 33. Kg2 Ng4 34. Bb2
Re8 35. Rxe2 Ne5 36. Rf2+ Kg7 37. Rgf3 Nfd7 38. Ba4 Kh6 39. Rh3+ Kg7 40. Bxd7
Bxd7 41. Rhf3 Kh6 42. Bxe5 Rxe5 43. Rf4 Ba4 44. Rb2 Kh5 45. Rb8 g5 46. Rf6 Rxe4
47. Rh8+ 1-0

[Event "FIDE Steinitz Memorial"]
[Site "chess24.com INT"]
[Date "2020.05.17"]
[Round "16"]
[White "Grischuk, Alexander"]
[Black "Svidler, Peter"]
[Result "1/2-1/2"]
[WhiteElo "2777"]
[BlackElo "2723"]
[PlyCount "243"]
[EventDate "2020.05.15"]
[EventType "tourn (blitz)"]
[EventRounds "18"]
[EventCountry "USA"]
[EventCategory "20"]
[SourceTitle "CBM 196 Extra"]
[Source "ChessBase"]
[SourceDate "2020.07.31"]
[SourceVersion "1"]
[SourceVersionDate "2020.07.31"]
[SourceQuality "1"]

1. e4 c5 2. Nf3 e6 3. d4 cxd4 4. Nxd4 a6 5. Bd3 Bc5 6. Nb3 Ba7 7. Qe2 Nc6 8.
Be3 Nge7 9. O-O O-O 10. Bxa7 Rxa7 11. c4 b6 12. Nc3 d6 13. Rfd1 Qc7 14. Qe3 Qb8
15. Rac1 Rd8 16. Be2 Rc7 17. a3 h6 18. h3 Ne5 19. Nd2 N5g6 20. b4 Bd7 21. Nb3
Be8 22. f4 Kh8 23. g3 Ng8 24. Rd2 Nf6 25. Rcd1 Rcc8 26. Nd4 Ne7 27. Nf3 Nc6 28.
g4 e5 29. f5 Nh7 30. h4 f6 31. Kh1 Bf7 32. g5 Nd4 33. gxh6 Nxe2 34. Nxe2 Rxc4
35. hxg7+ Kg8 36. Ng3 d5 37. Nh2 Rdc8 38. Ng4 Rc3 39. Qf2 Qb7 40. Rg1 Kxg7 41.
Kh2 Kh8 42. exd5 Bxd5 43. Nh5 Be4 44. Nhxf6 Rc2 45. Rgd1 Nxf6 46. Nxf6 Bd3 47.
Qe3 Qg7 48. Qg5 Qxg5 49. hxg5 Bxf5 50. Rxc2 Rxc2+ 51. Kg3 Rc3+ 52. Kf2 Kg7 53.
Rd6 Rxa3 54. Nh5+ Kh7 55. Rxb6 a5 56. b5 Rb3 57. Nf6+ Kg7 58. Nh5+ Kh7 59. Nf6+
Kg7 60. Ne8+ Kg8 61. Nd6 Bd3 62. Ra6 Bxb5 63. Rxa5 Bd7 64. Ra8+ Kg7 65. Ra7 Kg6
66. Rxd7 Kxg5 67. Ne4+ Kf4 68. Nd2 Rb2 69. Rf7+ Kg4 70. Ke3 Ra2 71. Nc4 Kg5 72.
Nxe5 Ra3+ 73. Ke4 Ra4+ 74. Kd5 Ra5+ 75. Kd4 Ra4+ 76. Nc4 Kg4 77. Rf8 Kg5 78.
Kd5 Kg4 79. Ne3+ Kg3 80. Ke5 Ra5+ 81. Nd5 Kg4 82. Rf4+ Kg3 83. Rb4 Kf3 84. Rd4
Kg3 85. Kf5 Ra3 86. Nf4 Ra5+ 87. Ke4 Kg4 88. Ne6 Ra1 89. Ke5+ Kf3 90. Ng5+ Ke3
91. Rd5 Ra8 92. Rb5 Ra1 93. Rb3+ Kd2 94. Ne4+ Kc2 95. Rh3 Ra4 96. Rh2+ Kc1 97.
Nc5 Ra8 98. Kd4 Rc8 99. Ne4 Rd8+ 100. Ke3 Re8 101. Ra2 Kd1 102. Ra4 Kc2 103.
Rc4+ Kb3 104. Rc7 Kb4 105. Rd7 Kb5 106. Kd4 Kc6 107. Rd6+ Kc7 108. Rh6 Ra8 109.
Kd5 Ra1 110. Nc3 Rg1 111. Kc5 Kd7 112. Ne4 Rc1+ 113. Kd5 Rd1+ 114. Ke5 Kc7 115.
Nc3 Rc1 116. Nd5+ Kb7 117. Rb6+ Ka7 118. Kd6 Rh1 119. Rb2 Rh5 120. Nc7 Rh6+
121. Kc5 Rh5+ 122. Kc6 1/2-1/2

[Event "FIDE Steinitz Memorial"]
[Site "chess24.com INT"]
[Date "2020.05.17"]
[Round "17"]
[White "Le, Quang Liem"]
[Black "Grischuk, Alexander"]
[Result "1/2-1/2"]
[WhiteElo "2709"]
[BlackElo "2777"]
[PlyCount "142"]
[EventDate "2020.05.15"]
[EventType "tourn (blitz)"]
[EventRounds "18"]
[EventCountry "USA"]
[EventCategory "20"]
[SourceTitle "CBM 196 Extra"]
[Source "ChessBase"]
[SourceDate "2020.07.31"]
[SourceVersion "1"]
[SourceVersionDate "2020.07.31"]
[SourceQuality "1"]

1. Nf3 Nf6 2. c4 g6 3. Nc3 Bg7 4. e4 d6 5. d4 O-O 6. h3 e5 7. d5 a5 8. g4 Na6
9. Be3 Nc5 10. Nd2 c6 11. Be2 a4 12. g5 Ne8 13. h4 Qa5 14. a3 f5 15. f3 Bd7 16.
h5 f4 17. Bf2 gxh5 18. Rxh5 Rf7 19. Qc2 Bf8 20. O-O-O Nc7 21. Kb1 Rg7 22. Rdh1
Be8 23. Rh6 Bg6 24. Qd1 cxd5 25. cxd5 b5 26. Bxc5 dxc5 27. d6 Ne6 28. Bxb5 Nd4
29. Nc4 Qd8 30. Nxe5 Nxb5 31. Qd5+ Bf7 32. Nxf7 Nxc3+ 33. bxc3 Qb6+ 34. Ka1 Qb3
35. Ne5+ Qxd5 36. exd5 Rxg5 37. Re6 Bxd6 38. Ng4 Bf8 39. Nf6+ Kf7 40. Rxh7+ Bg7
41. Rc6 Rb8 42. Ng4 Kg8 43. Rh2 Bxc3+ 44. Ka2 Rxd5 45. Nf6+ Bxf6 46. Rxf6 Rg5
47. Rxf4 Rf8 48. Rh8+ Kxh8 49. Rxf8+ Kg7 50. Rf4 Rg2+ 51. Kb1 Rf2 52. Rxa4 Rxf3
53. Kb2 Kf6 54. Rc4 Ke6 55. Rxc5 Kd6 56. Rc2 Rf5 57. Kb3 Rc5 58. Rh2 Kc6 59.
Kb4 Rc1 60. Rh6+ Kb7 61. a4 Rg1 62. Rh7+ Ka6 63. Rh4 Rg2 64. Rh6+ Ka7 65. Rh5
Ka6 66. Rh6+ Ka7 67. a5 Rg4+ 68. Kb5 Rg5+ 69. Kb4 Rg4+ 70. Kb5 Rg5+ 71. Kb4
Rg4+ 1/2-1/2

[Event "FIDE Steinitz Memorial"]
[Site "chess24.com INT"]
[Date "2020.05.17"]
[Round "18"]
[White "Grischuk, Alexander"]
[Black "Mamedyarov, Shakhriyar"]
[Result "1-0"]
[WhiteElo "2777"]
[BlackElo "2764"]
[PlyCount "67"]
[EventDate "2020.05.15"]
[EventType "tourn (blitz)"]
[EventRounds "18"]
[EventCountry "USA"]
[EventCategory "20"]
[SourceTitle "CBM 196 Extra"]
[Source "ChessBase"]
[SourceDate "2020.07.31"]
[SourceVersion "1"]
[SourceVersionDate "2020.07.31"]
[SourceQuality "1"]

1. d4 d5 2. c4 dxc4 3. e3 Nf6 4. Bxc4 e6 5. Nf3 c5 6. O-O a6 7. dxc5 Bxc5 8.
Qxd8+ Kxd8 9. Ne5 Ke7 10. Be2 Rd8 11. Nd2 Kf8 12. Nb3 Be7 13. Bd2 Nbd7 14. Nc4
b6 15. Rfd1 Bb7 16. f3 Rac8 17. e4 a5 18. Be3 Ba6 19. Rac1 a4 20. Nbd2 Ne5 21.
Bxb6 Rxd2 22. Nxd2 Rxc1 23. Rxc1 Bxe2 24. Rc8+ Ne8 25. Bc5 Bxc5+ 26. Rxc5 Nd3
27. Rb5 Nd6 28. Rb8+ Ke7 29. b3 axb3 30. Nxb3 Ne5 31. Nd4 Bc4 32. a4 Nd7 33.
Nc6+ Kf6 34. Rd8 1-0

[Event "Lindores Abbey Prelim"]
[Site "chess24.com INT"]
[Date "2020.05.20"]
[Round "8"]
[White "Grischuk, Alexander"]
[Black "Dubov, Daniil"]
[Result "0-1"]
[WhiteElo "2784"]
[BlackElo "2770"]
[Annotator "Mueller,Karsten"]
[PlyCount "110"]
[EventDate "2020.05.19"]
[EventType "tourn (rapid)"]
[EventRounds "11"]
[EventCountry "USA"]
[EventCategory "21"]
[SourceTitle "CBM 196 Extra"]
[Source "ChessBase"]
[SourceDate "2020.07.31"]
[SourceVersion "1"]
[SourceVersionDate "2020.07.31"]
[SourceQuality "1"]

{[%evp 0,110,25,30,30,26,69,75,57,59,41,51,46,33,35,28,51,37,46,31,50,22,24,24,
27,10,33,27,0,-1,0,14,51,-9,-21,-14,-16,-8,-8,-9,20,-33,-19,-19,-18,-16,6,-25,
-18,-23,12,32,34,30,30,43,23,33,32,32,44,-16,-10,-8,-6,-13,-9,-25,-24,-29,-27,
-100,-77,-103,-84,-68,-73,-96,-88,-70,-67,-66,-72,-66,-66,-65,-70,-59,-37,-35,
-24,-36,-37,-24,1,-33,-33,-43,-26,-52,-52,-52,-52,-39,-49,-68,-18,-31,-35,-729,
-781,-820,-828]} 1. e4 e5 2. Nf3 d6 3. d4 exd4 4. Nxd4 Nf6 5. Nc3 Be7 6. Bd3
O-O 7. O-O Re8 8. h3 Nbd7 9. a4 a5 10. f4 Nc5 11. Qf3 Bf8 12. Re1 d5 13. e5
Nfe4 14. Be3 Nxc3 15. bxc3 Bd7 16. c4 Nxd3 17. cxd3 Bb4 18. Red1 dxc4 19. dxc4
Bc3 20. Ra3 Bxd4 21. Bxd4 Qe7 22. c5 Bc6 23. Qf2 Rad8 24. Rd2 f5 25. exf6 Qe1+
26. Qxe1 Rxe1+ 27. Kf2 Re4 28. Be3 Rxd2+ 29. Bxd2 gxf6 30. Bxa5 Rxf4+ 31. Ke3
Re4+ 32. Kd3 Re7 33. g4 Kf7 34. Bc3 Bg2 35. h4 Re4 36. c6 Rxg4 37. cxb7 Bxb7
38. Be1 f5 39. Rc3 c6 40. a5 Ke6 41. Kd2 Rd4+ 42. Rd3 Ra4 43. Re3+ Kf7 44. Kc2
f4 45. Re5 Ba6 46. Kb3 Ra1 47. Bc3 Rb1+ 48. Kc2 Rf1 49. Kd2 Rf2+ 50. Ke1 Rf1+
51. Kd2 Rf3 52. Rh5 Rd3+ 53. Kc2 f3 {The cheeky f-pawn Part 1 Far advanced
passed pawns often constitute the potential for danger.  Der freche
f-Freibauer Teil 1 Weit vorgerückte Freibauern stellen stets
Gefahrenpotenzial dar:} 54. Rh6 $2 {White wants to put the black king out of
the action, but in reality shunts his own rook on to a siding. Weiß will den
schwarzen König ins Abseits stellen, stellt aber in Wirklichkeit den eigenen
Turm aufs Abstellgleis.} (54. Rxh7+ Kg6 55. Rg7+ Kh5 56. Be1 $11) 54... Rxc3+
$3 55. Kxc3 f2 0-1

[Event "Titled Tuesday intern op 16th June"]
[Site "Chess.com INT"]
[Date "2020.06.16"]
[Round "1"]
[White "Grischuk, Alexander"]
[Black "Batsiashvili, Nino"]
[Result "1-0"]
[WhiteElo "2777"]
[BlackElo "2457"]
[PlyCount "91"]
[EventDate "2020.06.16"]
[EventType "swiss (blitz)"]
[EventRounds "10"]
[EventCountry "USA"]
[SourceTitle "EXT 2021"]
[Source "ChessBase"]
[SourceDate "2020.10.23"]
[SourceVersion "1"]
[SourceVersionDate "2020.10.23"]
[SourceQuality "1"]

1. Nf3 d5 2. d4 Nf6 3. c4 e6 4. Nc3 c5 5. e3 Nc6 6. cxd5 exd5 7. Bb5 cxd4 8.
exd4 Bg4 9. Qa4 Rc8 10. Ne5 Bd7 11. O-O Be7 12. Bxc6 Bxc6 13. Qxa7 O-O 14. Nxc6
bxc6 15. Bf4 Nh5 16. Bg3 Nxg3 17. hxg3 Qd6 18. Qa4 Bf6 19. Rfd1 Rb8 20. Qc2 Rb4
21. Ne2 Re8 22. a3 Rb6 23. b4 Ra8 24. Qc3 g6 25. Nf4 Kg7 26. Nd3 Rba6 27. Nc5
R6a7 28. a4 h5 29. a5 h4 30. gxh4 Bxh4 31. g3 Bf6 32. Kg2 Rb8 33. Rab1 Be7 34.
Qf3 Bf6 35. Rd3 Rxa5 36. bxa5 Rxb1 37. a6 Ra1 38. Ra3 Rxa3 39. Qxa3 Bxd4 40. a7
Bxc5 41. Qb2+ d4 42. a8=Q Qd5+ 43. Kg1 Be7 44. Qaa2 Qe4 45. Qe2 Qf5 46. Qxe7
1-0

[Event "Titled Tuesday intern op 16th June"]
[Site "Chess.com INT"]
[Date "2020.06.16"]
[Round "2"]
[White "Vallejo Diaz, Javier"]
[Black "Grischuk, Alexander"]
[Result "0-1"]
[WhiteElo "2365"]
[BlackElo "2777"]
[PlyCount "128"]
[EventDate "2020.06.16"]
[EventType "swiss (blitz)"]
[EventRounds "10"]
[EventCountry "USA"]
[SourceTitle "EXT 2021"]
[Source "ChessBase"]
[SourceDate "2020.10.23"]
[SourceVersion "1"]
[SourceVersionDate "2020.10.23"]
[SourceQuality "1"]

1. e4 c5 2. Nf3 d6 3. Bb5+ Nd7 4. O-O a6 5. Bd3 Ngf6 6. c3 b5 7. Re1 g6 8. a4
c4 9. Bc2 Bb7 10. axb5 axb5 11. Rxa8 Bxa8 12. d4 cxd3 13. Bxd3 Bg7 14. Bxb5 O-O
15. Nbd2 Nc5 16. Qc2 Qb8 17. Bf1 Rc8 18. g3 Bc6 19. Nd4 Bd7 20. Bg2 Ng4 21. f4
Ba4 22. Qb1 e5 23. N4f3 exf4 24. gxf4 d5 25. e5 Bb5 26. Nd4 Nd3 27. Rf1 Ne3 28.
Rf3 Nxg2 29. Nxb5 Ngxf4 30. Nd4 Nxc1 31. Qxc1 Bxe5 32. Qe1 Bxd4+ 33. cxd4 Ne6
34. Qf2 Qxb2 35. Rxf7 Qxd4 36. Qxd4 Nxd4 37. Rd7 Rc2 38. Nf1 Nf3+ 39. Kh1 d4
40. Rd8+ Kg7 41. Re8 Rf2 42. Rd8 g5 43. Rxd4 Nxd4 44. Kg1 Ra2 45. Ng3 Nf3+ 46.
Kf1 Kg6 47. Ne2 Nxh2+ 48. Kf2 Ng4+ 49. Ke1 Nf6 50. Kd1 Rxe2 51. Kxe2 h5 52. Kf2
h4 53. Kg2 Kh5 54. Kh3 g4+ 55. Kg2 Nh7 56. Kh2 Ng5 57. Kg2 g3 58. Kh1 Kg4 59.
Kg1 h3 60. Kh1 Kf3 61. Kg1 Ne4 62. Kh1 Nf2+ 63. Kg1 h2+ 64. Kf1 h1=Q# 0-1

[Event "Titled Tuesday intern op 16th June"]
[Site "Chess.com INT"]
[Date "2020.06.16"]
[Round "3"]
[White "Grischuk, Alexander"]
[Black "Ajay, Karthikeyan"]
[Result "1-0"]
[WhiteElo "2777"]
[BlackElo "2315"]
[PlyCount "113"]
[EventDate "2020.06.16"]
[EventType "swiss (blitz)"]
[EventRounds "10"]
[EventCountry "USA"]
[SourceTitle "EXT 2021"]
[Source "ChessBase"]
[SourceDate "2020.10.23"]
[SourceVersion "1"]
[SourceVersionDate "2020.10.23"]
[SourceQuality "1"]

1. Nf3 d5 2. d4 Nf6 3. c4 c6 4. e3 e6 5. Bd3 Nbd7 6. b3 Bd6 7. Bb2 O-O 8. Nbd2
b6 9. O-O Bb7 10. Qe2 Qe7 11. Rad1 Rad8 12. e4 dxe4 13. Nxe4 Nxe4 14. Qxe4 Nf6
15. Qh4 h6 16. Rfe1 Ba3 17. Ba1 Bb4 18. Re3 a5 19. Ne5 Nd5 20. Qxe7 Nxe7 21.
Be4 Nf5 22. Red3 Ne7 23. g3 f6 24. Ng6 Nxg6 25. Bxg6 b5 26. c5 Ba3 27. h4 Rd5
28. Re1 e5 29. dxe5 Rxd3 30. Bxd3 Bb4 31. Rc1 fxe5 32. Bxe5 Bc8 33. Be4 Re8 34.
f4 Bd7 35. Kg2 Kf7 36. Rd1 Re7 37. Rc1 h5 38. Bf3 g6 39. Kf2 Re8 40. Bb2 Re7
41. a3 Bd2 42. Rc2 Be3+ 43. Kg2 Bf5 44. Re2 Bxc5 45. Rxe7+ Kxe7 46. Bxc6 b4 47.
axb4 Bxb4 48. Bd5 Be6 49. Bxe6 Kxe6 50. Kf3 Bc5 51. g4 hxg4+ 52. Kxg4 Kf7 53.
Bc3 Bb6 54. f5 gxf5+ 55. Kxf5 Bc7 56. h5 Bd8 57. h6 1-0